Financie Základy socialistických financií pre nefinančné študijné odbory

Salvato in:
Dettagli Bibliografici
Autore principale: Sládek, Viliam
Natura: Libro
Lingua:slovacco
Pubblicazione: Bratislava Alfa 1987
Edizione:2. vyd.
Serie:Edícia ekonomickej literatúry
Tags: Aggiungi Tag
Nessun Tag, puoi essere il primo ad aggiungerne!!

MARC

LEADER 00000nam a2200000 4500
001 c023847
005 20221219094515.3
041 0 |a slo 
044 |a SK 
245 1 0 |a Financie  |b Základy socialistických financií pre nefinančné študijné odbory  |c Viliam Sládek a kol. 
250 |a 2. vyd. 
264 1 |a Bratislava  |b Alfa  |c 1987 
300 |a 334 s. 
490 1 |a Edícia ekonomickej literatúry 
830 0 |a Edícia ekonomickej literatúry 
100 1 |a Sládek, Viliam